[Event "Paris-ch op-B 87th"]
[Site "Paris"]
[Date "2012.07.11"]
[Round "5"]
[White "Gros, Alexandre"]
[Black "Ternault, Mathieu"]
[Result "1-0"]
[WhiteElo "1988"]
[BlackElo "2130"]
[PlyCount "83"]
[EventDate "2012.07.07"]
[EventType "swiss"]
[EventRounds "9"]
[EventCountry "FRA"]
[SourceTitle "EXT 2013"]
[Source "ChessBase"]
[SourceDate "2012.11.22"]
[SourceVersion "1"]
[SourceVersionDate "2012.11.22"]
[SourceQuality "1"]

1. Nf3 d5 2. g3 c6 3. Bg2 Nf6 4. 0-0 Bg4 5. Ne5 Bf5 6. d4 Nbd7 7. f4 e6 8. Nd2 Qb6 9. c3 Be7 10. Nxd7 Nxd7 11. e4 dxe4 12. Nxe4 Bxe4 13. Bxe4 Nf6 14. Bf3 0-0 15. Qe2 Rfe8 16. Be3 Qc7 17. Rfd1 Rac8 18. Rac1 b6 19. b4 Red8 20. Bf2 h6 21. a3 c5 22. dxc5 Rxd1+ 23. Rxd1 bxc5 24. b5 Qa5 25. f5 e5 26. Qxe5 Bf8 27. Bc6 Qxa3 28. c4 Qb3 29. Qe2 Qc3 30. Kg2 Qb3 31. Ra1 Rc7 32. Qe5 Re7 33. Qf4 Qb2 34. Qc1 Qe5 35. Ra6 Qxf5 36. Qf4 Qc2 37. Bf3 Rd7 38. Rxf6 Rd2 39. Rxf7 Rxf2+ 40. Kg1 Bd6 41. Qxd6 Kxf7 42. Qf4+ 1-0

[Event "Paris-ch op-B 87th"]
[Site "Paris"]
[Date "2012.07.08"]
[Round "2"]
[White "Gros, Alexandre"]
[Black "Mircescu, Ovidiu"]
[Result "1-0"]
[WhiteElo "1988"]
[BlackElo "2106"]
[PlyCount "95"]
[EventDate "2012.07.07"]
[EventType "swiss"]
[EventRounds "9"]
[EventCountry "FRA"]
[SourceTitle "EXT 2013"]
[Source "ChessBase"]
[SourceDate "2012.11.22"]
[SourceVersion "1"]
[SourceVersionDate "2012.11.22"]
[SourceQuality "1"]

1. Nf3 d6 2. d4 Bg4 3. g3 Bxf3 4. exf3 g6 5. f4 Bg7 6. Bg2 c6 7. 0-0 Nf6 8. b3 0-0 9. Bb2 d5 10. Nd2 Re8 11. Re1 Nbd7 12. Nf3 Ne4 13. Ne5 Nd6 14. Rc1 Nf6 15. c4 Nf5 16. Qd3 Qa5 17. a3 Rad8 18. b4 Qa6 19. b5 cxb5 20. cxb5 Qb6 21. Rc5 e6 22. Rec1 Nd6 23. a4 Nd7 24. Qd2 Bxe5 25. a5 Nxc5 26. axb6 Nb3 27. Qd1 Nxc1 28. fxe5 Nxb5 29. Bxc1 Rc8 30. Bh6 a6 31. Bf1 Nc3 32. Qf3 f5 33. exf6 Kf7 34. Bf4 Rc6 35. Bxa6 bxa6 36. b7 Nb5 37. b8Q Rxb8 38. Bxb8 Nxd4 39. Qe3 Nf5 40. Qf4 h5 41. Be5 d4 42. Qe4 Rb6 43. Qc2 Rb7 44. Qc8 Rb5 45. Qd7+ Kf8 46. Bd6+ Nxd6 47. Qe7+ Kg8 48. Qg7# 1-0

[Event "Paris-ch op-A"]
[Site "Paris"]
[Date "2010.07.10"]
[Round "8"]
[White "Gros, Alexandre"]
[Black "Reilhac, Philippe"]
[Result "1-0"]
[WhiteElo "1844"]
[BlackElo "2034"]
[PlyCount "103"]
[EventDate "2010.07.03"]
[EventType "swiss"]
[EventRounds "9"]
[EventCountry "FRA"]
[SourceTitle "CBM 137 Extra"]
[Source "ChessBase"]
[SourceDate "2010.09.01"]
[SourceVersion "1"]
[SourceVersionDate "2010.09.01"]
[SourceQuality "1"]

1. Nf3 d5 2. c4 e6 3. g3 Nf6 4. Bg2 c6 5. d4 Be7 6. 0-0 0-0 7. Nc3 Nbd7 8. b3 Qa5 9. Bb2 Rb8 10. e4 dxe4 11. Nd2 Rd8 12. Ndxe4 Nxe4 13. Nxe4 Nf6 14. Qc2 Qh5 15. Nxf6+ Bxf6 16. Rad1 Re8 17. Rfe1 Bd7 18. f4 Qa5 19. a4 Rbc8 20. Ba3 Red8 21. Bd6 Bxd4+ 22. Kf1 Bf6 23. Rd3 Qf5 24. Be4 Qh3+ 25. Kg1 Be8 26. c5 Qg4 27. Re2 b6 28. h3 Qh5 29. g4 Qh4 30. g5 Bd4+ 31. Rxd4 Qg3+ 32. Bg2 bxc5 33. Rd3 Qh4 34. Qxc5 Qh5 35. Red2 Qh4 36. Qf2 Qh5 37. b4 Qg6 38. Qe3 a6 39. a5 h6 40. Be4 Qh5 41. Rg2 c5 42. bxc5 Bb5 43. Rdd2 Rd7 44. Rg4 Kh8 45. Qg3 Rxc5 46. Rh4 Rxd6 47. Rxd6 Rc1+ 48. Kh2 Qe2+ 49. Bg2 Rc2 50. gxh6 g6 51. h7 Rc8 52. Qg5 1-0

[Event "FRA-ch op-B"]
[Site "Nimes"]
[Date "2009.08.21"]
[Round "10"]
[White "Youssoupov, Moisse"]
[Black "Gros, Alexandre"]
[Result "1-0"]
[WhiteElo "1911"]
[BlackElo "1780"]
[PlyCount "55"]
[EventDate "2009.08.11"]
[EventType "swiss"]
[EventRounds "11"]
[EventCountry "FRA"]
[SourceTitle "EXT 2011"]
[Source "ChessBase"]
[SourceDate "2010.11.26"]
[SourceVersion "1"]
[SourceVersionDate "2010.11.26"]
[SourceQuality "1"]

1. d4 Nf6 2. Nf3 e6 3. Bf4 c5 4. c3 Qb6 5. Qb3 Nc6 6. e3 d6 7. Nbd2 Nh5 8. Bg5 h6 9. Bh4 cxd4 10. Qxb6 axb6 11. exd4 g5 12. Bg3 f5 13. h3 Nxg3 14. fxg3 Bd7 15. Nc4 Ra6 16. Na3 Ra5 17. Nc4 Ra6 18. d5 exd5 19. Ne3 Ra5 20. a3 Bg7 21. 0-0-0 Be6 22. Nc2 0-0 23. Be2 Re8 24. Rhe1 Re7 25. Bf1 Bf6 26. c4 dxc4 27. Rxd6 Rd5 28. Rdxe6 1-0

[Event "FRA-chT2 West 0809"]
[Site "France"]
[Date "2009.04.04"]
[Round "10.8"]
[White "Berthelot, Maeva"]
[Black "Gros, Alexandre"]
[Result "1-0"]
[WhiteElo "1809"]
[BlackElo "1813"]
[PlyCount "85"]
[EventDate "2008.10.19"]
[EventType "team-tourn"]
[EventRounds "11"]
[EventCountry "FRA"]
[SourceTitle "EXT 2010"]
[Source "ChessBase"]
[SourceDate "2010.11.25"]
[SourceVersion "1"]
[SourceVersionDate "2010.11.25"]
[SourceQuality "1"]
[WhiteTeam "Nantes II"]
[BlackTeam "Stade Francais Jeen"]
[WhiteTeamCountry "FRA"]
[BlackTeamCountry "FRA"]

1. e4 c5 2. c4 Nc6 3. Nc3 g6 4. g3 Bg7 5. Bg2 d6 6. Nge2 Nf6 7. 0-0 0-0 8. d3 Rb8 9. h3 Nd4 10. a4 a6 11. Be3 Nd7 12. f4 b5 13. axb5 axb5 14. Bxd4 cxd4 15. Nxb5 Qb6 16. Ra2 Ba6 17. Na3 Nc5 18. Kh1 Qb3 19. Qxb3 Rxb3 20. Nc1 Rb6 21. Nc2 Rc8 22. b3 e5 23. Rd1 Rcc6 24. b4 Nxd3 25. Nxd3 Bxc4 26. Rb2 Rc8 27. Na3 Ba6 28. b5 Bb7 29. Rc1 Rxc1+ 30. Nxc1 Ba8 31. Nc4 Rb8 32. Nxd6 Rd8 33. Ra2 exf4 34. gxf4 Bf8 35. Nc4 d3 36. Nxd3 Rxd3 37. Rxa8 Kg7 38. b6 Rb3 39. e5 Bc5 40. b7 Rb1+ 41. Kh2 Bg1+ 42. Kg3 Rb3+ 43. Bf3 1-0

[Event "FRA-chT2 West 0809"]
[Site "France"]
[Date "2009.03.14"]
[Round "8.6"]
[White "Galloux, Maxime"]
[Black "Gros, Alexandre"]
[Result "1-0"]
[WhiteElo "2062"]
[BlackElo "1787"]
[PlyCount "133"]
[EventDate "2008.10.19"]
[EventType "team-tourn"]
[EventRounds "11"]
[EventCountry "FRA"]
[SourceTitle "EXT 2010"]
[Source "ChessBase"]
[SourceDate "2010.11.25"]
[SourceVersion "1"]
[SourceVersionDate "2010.11.25"]
[SourceQuality "1"]
[WhiteTeam "Echiquier Bordelais"]
[BlackTeam "Stade Francais Jeen"]
[WhiteTeamCountry "FRA"]
[BlackTeamCountry "FRA"]

1. e4 c5 2. Nf3 Nc6 3. d4 cxd4 4. Nxd4 g6 5. Nc3 Bg7 6. Be3 Nf6 7. Bc4 d6 8. f3 Qb6 9. Nf5 Qxb2 10. Nxg7+ Kf8 11. Nd5 Nxd5 12. Bxd5 Kxg7 13. 0-0 Qc3 14. Qe2 Nd8 15. Qf2 Qa5 16. Qh4 Re8 17. Bd4+ f6 18. f4 Be6 19. Bb3 Qb4 20. Rad1 Bxb3 21. axb3 Nc6 22. Ba1 Qxe4 23. Rxd6 Qf5 24. Rd3 Qc5+ 25. Kh1 Qxc2 26. Rd7 Qf5 27. Rxb7 Rab8 28. Rc7 Rec8 29. Rxc8 Rxc8 30. Re1 Rb8 31. Qg3 Rb4 32. Qc3 Rxf4 33. Kg1 Qa5 34. Rxe7+ Kf8 35. Qxa5 Nxa5 36. Rxa7 Nxb3 37. Bb2 h5 38. Rb7 Nc5 39. Ba3 Rc4 40. Rc7 Ra4 41. Bxc5+ Kg8 42. Kf2 Ra2+ 43. Kf3 Ra4 44. Rd7 Ra5 45. Bd4 Ra3+ 46. Be3 Ra4 47. Rc7 Ra3 48. h3 Rb3 49. g3 Ra3 50. Ke4 Ra4+ 51. Bd4 Ra3 52. Bc3 Ra4+ 53. Kd5 f5 54. Rg7+ Kf8 55. Rxg6 h4 56. g4 fxg4 57. hxg4 Kf7 58. Rg7+ Kf8 59. Rg5 h3 60. Be5 h2 61. Rf5+ Ke8 62. Rh5 Rxg4 63. Ke6 Kf8 64. Rh8+ Rg8 65. Rxh2 Rg1 66. Rc2 Kg8 67. Rc8+ 1-0

[Event "FRA-ch U10"]
[Site "Le Grand Bornand"]
[Date "2007.04.??"]
[Round "3"]
[White "Feryn, Benjamin"]
[Black "Gros, Alexandre"]
[Result "0-1"]
[WhiteElo "1886"]
[BlackElo "1742"]
[PlyCount "104"]
[EventDate "2007.04.07"]
[EventType "swiss"]
[EventRounds "9"]
[EventCountry "FRA"]
[SourceTitle "CBM 118 Extra"]
[Source "ChessBase"]
[SourceDate "2007.07.04"]
[SourceVersion "1"]
[SourceVersionDate "2007.07.04"]
[SourceQuality "1"]

1. e4 c5 2. Nf3 Nc6 3. d4 cxd4 4. Nxd4 g6 5. Nc3 Bg7 6. Be3 Nf6 7. f3 d5 8. exd5 Nxd5 9. Nxd5 Qxd5 10. Nxc6 Qxc6 11. Bd4 0-0 12. Bxg7 Kxg7 13. Qd4+ Kg8 14. Bd3 Qc7 15. 0-0 Rd8 16. Qe3 b6 17. f4 e6 18. Qe5 Qxe5 19. fxe5 Bb7 20. Rf4 Rac8 21. Raf1 Rd7 22. Bb5 Rd2 23. R1f2 Rcxc2 24. Rxf7 Rxf2 25. Rxf2 Rc5 26. Be8 Rxe5 27. Rf7 Bd5 28. Rxa7 Re2 29. g3 Rxb2 30. a4 Rg2+ 31. Kf1 Rxh2 32. Rc7 Rb2 33. Rc3 Kf8 34. Bb5 Rb4 35. Rc8+ Ke7 36. Rc7+ Kf6 37. Rxh7 Bc4+ 38. Bxc4 Rxc4 39. Rb7 Rb4 40. Kf2 e5 41. Kf3 Rb3+ 42. Kf2 e4 43. a5 Rf3+ 44. Kg2 bxa5 45. Rb6+ Kg5 46. Re6 Kf5 47. Rb6 Ra3 48. Rb5+ Kg4 49. Re5 Ra2+ 50. Kf1 Kf3 51. Ke1 e3 52. Kd1 Ra1+ 0-1

[Event "FRA-ch U10"]
[Site "Le Grand Bornand"]
[Date "2007.04.??"]
[Round "7"]
[White "Gros, Alexandre"]
[Black "Cabanes, Kim"]
[Result "1-0"]
[WhiteElo "1742"]
[BlackElo "1903"]
[PlyCount "123"]
[EventDate "2007.04.07"]
[EventType "swiss"]
[EventRounds "9"]
[EventCountry "FRA"]
[SourceTitle "CBM 118 Extra"]
[Source "ChessBase"]
[SourceDate "2007.07.04"]
[SourceVersion "1"]
[SourceVersionDate "2007.07.04"]
[SourceQuality "1"]

1. e4 c6 2. d4 d5 3. e5 Bf5 4. Nf3 e6 5. Be2 c5 6. c4 cxd4 7. Nxd4 Bxb1 8. Rxb1 Bb4+ 9. Bd2 Bxd2+ 10. Qxd2 a6 11. 0-0 Ne7 12. cxd5 Nxd5 13. Bg4 Ne7 14. Qb4 Nd7 15. Rfe1 Qb6 16. Qxb6 Nxb6 17. Rbc1 Nbd5 18. Red1 h5 19. Bf3 g6 20. Nb3 Rb8 21. Nd2 0-0 22. Nc4 f6 23. exf6 Rxf6 24. Ne5 Re8 25. Be4 g5 26. g3 h4 27. Nd7 Rh6 28. Nc5 hxg3 29. hxg3 Rb8 30. Nxe6 Nb4 31. Nxg5 Nxa2 32. Rc7 Kf8 33. Rxb7 Rxb7 34. Bxb7 Rb6 35. Ra1 Nb4 36. Be4 Nbd5 37. Bxd5 Nxd5 38. Ne4 Nc7 39. Nc5 Rc6 40. b4 Ke7 41. Kg2 Kd6 42. f4 Rb6 43. Nd3 Nd5 44. Kf3 Nxb4 45. Nxb4 Rxb4 46. Rxa6+ Ke7 47. f5 Kf7 48. g4 Rb7 49. Kf4 Rc7 50. g5 Rc4+ 51. Ke5 Rc5+ 52. Ke4 Rc7 53. Kd5 Rd7+ 54. Rd6 Rb7 55. Ke5 Rb5+ 56. Rd5 Rb7 57. g6+ Kg7 58. Ke6 Rb6+ 59. Rd6 Rb1 60. Rd7+ Kg8 61. f6 Rb8 62. Ke7 1-0

[Event "FRA-chT U20a 0405"]
[Site "France"]
[Date "2005.05.14"]
[Round "8.7"]
[White "Gros, Alexandre"]
[Black "Gonzalez, Claire"]
[Result "1-0"]
[WhiteElo "1480"]
[BlackElo "1090"]
[PlyCount "55"]
[EventDate "2004.11.19"]
[EventType "team"]
[EventRounds "11"]
[EventCountry "FRA"]
[SourceTitle "EXT 2006"]
[Source "ChessBase"]
[SourceDate "2005.11.24"]
[SourceVersion "1"]
[SourceVersionDate "2005.11.24"]
[SourceQuality "1"]

1. e4 e5 2. Nf3 Nc6 3. c3 d5 4. Qa4 Bd7 5. exd5 Nce7 6. Qb3 Nf6 7. Bc4 Ne4 8. Nxe5 Nd6 9. 0-0 Nef5 10. Re1 Qg5 11. Nf3+ Qe7 12. Rxe7+ Bxe7 13. d4 0-0 14. Bf4 Rfe8 15. Ne5 h5 16. Nd2 g5 17. Be3 Kh7 18. Nxd7 Rg8 19. Bd3 Rg7 20. Nc4 Kh8 21. Nxd6 Rag8 22. Nxf5 Rg6 23. Nxe7 R6g7 24. Nxg8 Rxg8 25. Nf6 Rg7 26. Qxb7 g4 27. Qc8+ Rg8 28. Qxg8# 1-0

[Event "FRA-ch U10"]
[Site "Calvi"]
[Date "2005.04.23"]
[Round "8"]
[White "Luciani, Thibault"]
[Black "Gros, Alexandre"]
[Result "0-1"]
[WhiteElo "1540"]
[BlackElo "1680"]
[PlyCount "54"]
[EventDate "2005.04.??"]
[EventType "swiss"]
[EventRounds "9"]
[EventCountry "FRA"]
[SourceTitle "EXT 2006"]
[Source "ChessBase"]
[SourceDate "2005.11.24"]
[SourceVersion "1"]
[SourceVersionDate "2005.11.24"]
[SourceQuality "1"]

1. e4 c5 2. Nf3 Nc6 3. d4 cxd4 4. Nxd4 g6 5. Be3 Bg7 6. Nc3 Nf6 7. Bc4 d6 8. f3 Qb6 9. Bb3 Nxe4 10. fxe4 Nxd4 11. 0-0 0-0 12. Qe1 Qc7 13. Rd1 Nxb3 14. cxb3 Bd7 15. Rc1 Qd8 16. Rc2 Bc6 17. Bf4 Re8 18. Qe3 Qb6 19. Qxb6 axb6 20. Re1 Rec8 21. Ree2 b5 22. Nd5 Bxd5 23. Rxc8+ Rxc8 24. exd5 Bf6 25. a4 bxa4 26. bxa4 Rc4 27. Bg3 Rxa4 0-1

[Event "FRA-ch U10"]
[Site "Calvi"]
[Date "2005.04.22"]
[Round "7"]
[White "Gros, Alexandre"]
[Black "Martin, Damien"]
[Result "1-0"]
[WhiteElo "1680"]
[BlackElo "1580"]
[PlyCount "143"]
[EventDate "2005.04.??"]
[EventType "swiss"]
[EventRounds "9"]
[EventCountry "FRA"]
[SourceTitle "EXT 2006"]
[Source "ChessBase"]
[SourceDate "2005.11.24"]
[SourceVersion "1"]
[SourceVersionDate "2005.11.24"]
[SourceQuality "1"]

1. e4 c5 2. c3 e5 3. Nf3 Nc6 4. Bb5 Qc7 5. Bxc6 dxc6 6. d4 cxd4 7. cxd4 exd4 8. Nxd4 Nf6 9. 0-0 Bb4 10. Bd2 Bxd2 11. Qxd2 0-0 12. Nc3 Re8 13. f3 Rd8 14. Rfd1 Qd6 15. Qf2 Qc5 16. Nb3 Qxf2+ 17. Kxf2 Be6 18. Nc5 Re8 19. Nxe6 Rxe6 20. Rd2 h6 21. Rad1 Ree8 22. h3 Kh7 23. Ke3 g5 24. Rd6 Kg6 25. f4 Kg7 26. g3 Rac8 27. e5 Nh5 28. Kf3 Rb8 29. Kg4 Nxg3 30. Kxg3 Re7 31. Rd7 Rbe8 32. Rxe7 Rxe7 33. Ne4 Kg6 34. Kg4 f5+ 35. Kf3 fxe4+ 36. Kxe4 gxf4 37. Kxf4 Kh5 38. Kf5 Kh4 39. Kf6 Re8 40. e6 Rf8+ 41. Ke7 Rf1 42. Kd7 Kxh3 43. e7 Rf7 44. Kd8 Rxe7 45. Kxe7 h5 46. Kd7 c5 47. Kc7 b6 48. Kb7 b5 49. Kxa7 c4 50. Kb6 b4 51. Kb5 b3 52. axb3 cxb3 53. Kb4 h4 54. Kxb3 Kg2 55. Kc4 h3 56. b4 h2 57. b5 h1R 58. Rxh1 Kxh1 59. b6 Kg2 60. b7 Kf3 61. b8Q Kg4 62. Qf8 Kg5 63. Qf7 Kg4 64. Qf6 Kh5 65. Qg7 Kh4 66. Qg6 Kh3 67. Qg5 Kh2 68. Qg4 Kh1 69. Kd3 Kh2 70. Ke2 Kh1 71. Kf2 Kh2 72. Qg2# 1-0

[Event "FRA-chT U20 0405"]
[Site "Agneaux"]
[Date "2004.12.21"]
[Round "7.9"]
[White "Haffoud, Paolo"]
[Black "Gros, Alexandre"]
[Result "0-1"]
[WhiteElo "1270"]
[BlackElo "1480"]
[PlyCount "48"]
[EventDate "2004.12.16"]
[EventType "team"]
[EventRounds "7"]
[EventCountry "FRA"]
[SourceTitle "EXT 2006"]
[Source "ChessBase"]
[SourceDate "2005.11.24"]
[SourceVersion "1"]
[SourceVersionDate "2005.11.24"]
[SourceQuality "1"]
[WhiteTeam "Niort"]
[BlackTeam "Paris NAO"]
[WhiteTeamCountry "FRA"]
[BlackTeamCountry "FRA"]

1. d4 d5 2. e3 Nf6 3. Bd3 Nbd7 4. c3 e6 5. Nf3 Be7 6. b3 c5 7. Bb2 b6 8. Na3 Bb7 9. Qd2 0-0 10. 0-0-0 a6 11. Bc2 b5 12. dxc5 Bxc5 13. Qd3 b4 14. cxb4 Bxb4 15. Ng5 g6 16. h4 h6 17. Nf3 Qe7 18. Nb1 Rac8 19. h5 Nxh5 20. Rxh5 Nc5 21. Qd4 e5 22. Rxe5 Qc7 23. Re7 Nxb3+ 24. axb3 Qxc2# 0-1